| 000 | 00923nam a22002777a 4500 | ||
|---|---|---|---|
| 999 |
_c8122 _d8122 |
||
| 001 | 21574 | ||
| 003 | BD-DhUAP | ||
| 005 | 20220623115506.0 | ||
| 008 | 090713r20151997enka b 001 0ceng d | ||
| 020 | _a9789385436284 | ||
| 040 |
_aDLC _cBD-DhUAP _dBD-DhUAP _bEng _eBD-DhUAP |
||
| 082 | 0 | 0 |
_a822.33 MAC _220 |
| 100 | 1 |
_aShakespeare, William, _d1564-1616. |
|
| 245 | 1 | 0 |
_aMacbeth / _cedited by Sandra Clark and Pamela Mason |
| 260 |
_aNew Delhi : _aNew York : _bBloomsbury, _c1997 [reprinted 2015] |
||
| 300 |
_axix, 381 p. : _bill. ; _c20 cm. |
||
| 490 | 1 | _aThe Arden Shakespeare | |
| 504 | _aIncludes bibliographical references (p. 349-371).and Index Present . | ||
| 600 | 0 | 0 |
_aMacbeth, _cKing of Scotland, _d11th cent. _vDrama. |
| 650 | 0 |
_aKings and rulers _xSuccession _vDrama. |
|
| 650 | 0 |
_aRegicides _vDrama. |
|
| 651 | 0 |
_aScotland _vDrama. |
|
| 700 | 1 |
_aMason, Pamela _d1945- |
|
| 942 |
_2ddc _cBK |
||